| 000 | 00516nam a22001817a 4500 | ||
|---|---|---|---|
| 999 |
_c2834 _d2791 |
||
| 008 | 180212b xxu||||| |||| 01| |dtur d | ||
| 020 | _a9789750506390 | ||
| 041 | _atur | ||
| 050 | _aPL248.T68 | ||
| 100 |
_91084 _aToptaş, Hasan Ali |
||
| 245 | _aBen Bir Gürgen Dalıyım | ||
| 250 | _a 1. Baskı | ||
| 260 |
_aİstanbul _bİletişim Yayınları _c2009 |
||
| 300 | _a98 Sayfa | ||
| 500 | _aİletişim Yayınları: 1356; Çağdaş Türkçe Edebiyat: 189 | ||
| 650 | 0 |
_9145 _aTürk Edebiyatı |
|
| 942 |
_2lcc _cBK |
||